| 000 | 00913nas a2200301 4500 | ||
|---|---|---|---|
| 001 | BR9606496 | ||
| 003 | BR-BrBNA | ||
| 005 | 20231205095848.0 | ||
| 007 | ta | ||
| 008 | 230509b bl.|||p| |||| 00| 00por d | ||
| 040 |
_aBR-BrBNA _bpor _cBiblioteca Nacional de Agricultura |
||
| 041 | _a(Pt) | ||
| 072 | _aL70 | ||
| 100 | 1 | _aHennemann, C.R. de A. | |
| 100 | 1 | _aCunha, C.M.S. | |
| 100 | 1 | _aLopes, S.T. dos A. | |
| 100 | 1 | _aAmaral, A.S. do | |
| 100 | 1 | _aPolydoro, A. da S. | |
| 245 | 1 | _aAvaliacao da funcao renal atraves da densidade urinaria e dosagem serica de ureia e creatinina na aflatoxicose experimental em caes | |
| 650 | _aCao | ||
| 650 | _aRim | ||
| 650 | _aUreia | ||
| 650 | _aCreatinina | ||
| 650 | _aAflatoxina | ||
| 773 | 0 |
_tCiencia Rural (Brazil) _xISSN 0103-8478 _g(Jan-Apr 1996), v. 26(1) p. 97-102 _wBR9606496 |
|
| 909 |
_a202311 _bLúcia _c55 _dLúcia Elande |
||
| 942 |
_2AGRIS _n0 _cANA |
||
| 999 |
_c153141 _d153141 |
||